Los problemas fundamentales del pueblo cubano en "la historia me absolvera"

A szerző Fidel Castro a santiagói bíróság előtt 1953-ban elmondott híres védőbeszédét állítja tanulmánya középpontjába. A célja az, hogy adatokkal bizonyítsa: Fidel Castro védőbeszéde adekvát módon tükrözte a korabeli Kuba legfontosabb és legsúlyosabb problémáit. A munkanélküliség, az iparfejlődés,...

Teljes leírás

Elmentve itt :
Bibliográfiai részletek
Szerző: Del Toro Carlos
Dokumentumtípus: Cikk
Megjelent: University of Szeged, Magyar Medievisztikai Kutatócsoport Szeged 1980
Sorozat:Acta Universitatis Szegediensis : acta historica 68
Kulcsszavak:Kuba története - 20. sz., Fidel Castro
Tárgyszavak:
Online Access:http://acta.bibl.u-szeged.hu/2665
LEADER 01440nab a2200229 i 4500
001 acta2665
005 20260205102917.0
008 161015s1980 hu o 000 hun d
022 |a 0324-6965 
040 |a SZTE Egyetemi Kiadványok Repozitórium  |b hun 
041 |a hun 
041 |a spa 
100 2 |a Del Toro Carlos 
245 1 0 |a Los problemas fundamentales del pueblo cubano en "la historia me absolvera"  |h [elektronikus dokumentum] /  |c  Del Toro Carlos 
260 |a University of Szeged, Magyar Medievisztikai Kutatócsoport  |b Szeged  |c 1980 
300 |a 47-52 
490 0 |a Acta Universitatis Szegediensis : acta historica  |v 68 
520 3 |a A szerző Fidel Castro a santiagói bíróság előtt 1953-ban elmondott híres védőbeszédét állítja tanulmánya középpontjába. A célja az, hogy adatokkal bizonyítsa: Fidel Castro védőbeszéde adekvát módon tükrözte a korabeli Kuba legfontosabb és legsúlyosabb problémáit. A munkanélküliség, az iparfejlődés, a lakáskérdés, az oktatás, az egészségügy vizsgálata alapján arra a következtetésre jut, hogy Fidel Castro beszéde, a korabeli állapotok rajzán és bírálatán túl a nemzeti felszabadítás programját is tartalmazta. 
650 4 |a Bölcsészettudományok 
650 4 |a Történettudomány és régészet 
695 |a Kuba története - 20. sz., Fidel Castro 
856 4 0 |u http://acta.bibl.u-szeged.hu/2665/1/historica_068_047-052.pdf  |z Dokumentum-elérés